ACTS of knowledge critical pedagogy in, against and beyond the university

Saved in:
Bibliographic Details
Format: Book
Language:English
Published: Bloombury 2013
Tags: Add Tag
No Tags, Be the first to tag this record!

MARC

LEADER 00000nam a22000007a 4500
008 221229b |||||||| |||| 00| 0 eng d
020 |a 9781441105318 
245 |a ACTS of knowledge  |b critical pedagogy in, against and beyond the university  |c edited by Stephen Cowden and Gurnam Singh  |g viii,22p;ill 
250 |c Cowden, Stephen 
250 |c Singh, Gurnam 
260 |b Bloombury  |c 2013  |h New York  |i 699663  |l LC196.Ac8  |m Education, Higher-Philosophy  |m Critical pedagogy 
500 |a it includes references and index 
942 |a lcc  |c BK  |e Johnson  |f 29/10/22 
952 |0 0  |1 0  |2 lcc  |4 0  |6 LC0196 A C8  |7 0  |9 4061  |a ED  |b HOL  |d 2022-12-29  |l 0  |o LC196.Ac8  |p 2022-0020  |r 2022-12-29 00:00:00  |t 699663  |w 2022-12-29  |y BK 
952 |0 0  |1 0  |2 lcc  |4 0  |6 LC0196 A C8  |7 0  |9 4062  |a HOL  |b HOL  |d 2022-12-29  |l 0  |o LC196.Ac8  |p 2022-0021  |r 2022-12-29 00:00:00  |t 699664  |w 2022-12-29  |y BK 
999 |c 2039  |d 2039